Prognostic Dreams, Otherworldly Saints, and Caliphal Ghosts : A Critical Edition of Saʿdeddīn Efendi's (d. 1599) Selimname /
Saʿdeddīn Efendi was a renowned Ottoman chief jurisconsult, influential statesman, eminent scholar, and prolific translator of Arabic and Persian works into Turkish. Prognostic Dreams, Otherworldly Saints, and Caliphal Ghosts: Hoca Saʿdeddīn Efendi's (d. 1599) "Selimname" comprises a...
المؤلف الرئيسي:
مؤلفون آخرون:
التنسيق: كتاب الكتروني
اللغة: English
منشور في:
Leiden; Boston :
BRILL,
2022.
سلاسل:
Islamicate Intellectual History ;
7.
الموضوعات:
الوصول للمادة أونلاين: Login to view Source
الوسوم: إضافة وسم
رقم الطلب: RC71
| LEADER | 02546nam a22004578i 4500 | ||
|---|---|---|---|
| 001 | BRILL9789004467941 | ||
| 003 | nllekb | ||
| 005 | 20211118222431.0 | ||
| 006 | m d | ||
| 007 | cr un uuuua | ||
| 008 | 200716s2022 ne sb 001 0 eng d | ||
| 020 | |a 9789004467941 |q (electronic book) | ||
| 020 | |a 9789004467934 |q (print) | ||
| 024 | 7 | |a 10.1163/9789004467941 |2 DOI | |
| 035 | |z (OCoLC)1259585009 | ||
| 040 | |a NL-LeKB |c NL-LeKB |e rda | ||
| 050 | 4 | |a RC71 | |
| 072 | 7 | |a HBJF1 |2 bicssc | |
| 072 | 7 | |a HIS |x 003000 | |
| 072 | 7 | |a HIS |x 026000 | |
| 082 | 0 | 4 | |a 610 |2 23 |
| 100 | 1 | |a Efendi, Saʿdeddīn, |e author. | |
| 245 | 1 | 0 | |a Prognostic Dreams, Otherworldly Saints, and Caliphal Ghosts : |b A Critical Edition of Saʿdeddīn Efendi's (d. 1599) Selimname / |c by Saʿdeddīn Efendi ; (Edited by) H. Erdem Çıpa. |
| 246 | 3 | |a A Critical Edition of Saʿdeddīn Efendi's (d. 1599) Selimname | |
| 264 | 1 | |a Leiden; |a Boston : |b BRILL, |c 2022. | |
| 300 | |a 1 online resource. | ||
| 336 | |a text |b txt |2 rdacontent | ||
| 337 | |a computer |b c |2 rdamedia | ||
| 338 | |a online resource |2 rdacarrier | ||
| 490 | 1 | |a Islamicate Intellectual History ; |v 7 | |
| 504 | |a Includes bibliographical references and index. | ||
| 520 | |a Saʿdeddīn Efendi was a renowned Ottoman chief jurisconsult, influential statesman, eminent scholar, and prolific translator of Arabic and Persian works into Turkish. Prognostic Dreams, Otherworldly Saints, and Caliphal Ghosts: Hoca Saʿdeddīn Efendi's (d. 1599) "Selimname" comprises a critical edition, English translation, and a facsimile of his hagiographic work on controversial Ottoman sultan Selim I ("the Grim"). Saʿdeddīn's Selimname consists of a preface and twelve anecdotes in which Selim I is portrayed as a divinely ordained sultan who delves into the realm of meditation, communicates with otherworldly saints and the "rightly guided" caliphs, and foretells the future. | ||
| 588 | |a Description based on print version record. | ||
| 650 | 0 | |a Evidence-based medicine. | |
| 700 | 1 | |a Çıpa, H. Erdem, |e editor. | |
| 776 | 0 | 8 | |i Print version: |t Prognostic Dreams, Otherworldly Saints, and Caliphal Ghosts : A Critical Edition of Saʿdeddīn Efendi's (d. 1599) Selimname. |d Leiden ; Boston : BRILL, 2022 |z 9789004467934 |w (DLC) 2021040005 |
| 830 | 0 | |a Islamicate Intellectual History ; |v 7. | |
| 856 | 4 | |z DOI: |u http://dx.doi.org/10.1163/9789004467941 | |
| 942 | |2 lcc |c EBOOK | ||
| 952 | |0 0 |1 0 |2 lcc |4 0 |7 1 |9 23130 |a BRILL |b BRILL |d 2021-11-18 |l 0 |r 2021-11-18 00:00:00 |w 2021-11-18 |y EBOOK | ||
| 999 | |c 40604 |d 40604 | ||
